000 004250000a22001810004500
003 LK-CoMWRAF
008 230817t ||||| |||| 00| 0 eng d
040 _aLK-CoMWRAF
_dLK-CoMWRAF
_eLK-CoMWRAF
041 _aeng
082 _a100
_bBUH
100 _aBuhari, Saheehul
245 _aNabikalarin Pon Molikal
_b
260 _aMadras
_bRahmath
_c1996
300 _ap.953
490 _aVol.2
650 _ahadhees
942 _cBK
999 _c2910
_d2910